Druhy účtovnej závierky diplomová práca

Enregistré dans:
Détails bibliographiques
Auteur principal: Manáková, Veronika
Collectivité auteur: Fakulta hospodárskej informatiky EU. Katedra účtovníctva a audítorstva
Autres auteurs: Silná, Renáta, 1981-
Format: Livre
Langue:slovaque
Publié: Bratislava 2009
Tags: Ajouter un tag
Pas de tags, Soyez le premier à ajouter un tag!

MARC

LEADER 00000nbm a2200000 4500
001 0162592
005 20121206102003.3
041 0 |a slo 
044 |a SK 
245 1 0 |a Druhy účtovnej závierky  |b diplomová práca  |c Veronika Manáková ; školiteľ: Renáta Silná 
264 1 |a Bratislava  |c 2009 
300 |a 38 s. 
100 1 |a Manáková, Veronika 
700 1 |a Silná, Renáta, 1981- 
710 2 |a Fakulta hospodárskej informatiky EU. Katedra účtovníctva a audítorstva